| 000 | 01286nam a22003493a 4500 | ||
|---|---|---|---|
| 001 | 22342 | ||
| 003 | VRT | ||
| 005 | 20260326144101.0 | ||
| 008 | 091202s2006 xo o d 000 j slo d | ||
| 020 | _a8085258447 (viaz.) | ||
| 035 | _aa000419202 | ||
| 039 | 9 |
_a201003041358 _bmuro _c201002181315 _dpechova |
|
| 040 |
_aUKB _bslo _cUKB _eAACR2 |
||
| 041 | 0 | _aslo | |
| 044 |
_axo _cSK |
||
| 072 | 7 |
_a821.162.4 _xSlovenská literatúra _2konspekt |
|
| 080 |
_a821.162.4-32 _22004 |
||
| 080 |
_a(0:82-32) _22004 |
||
| 245 | 0 | 0 |
_a77 skutočných príbehov _bláska, radosť, vášeň i smútok v príbehoch, ktoré sa naozaj stali : [zaručene pravé od čitateľov týždenníkov Nový Čas pre ženy a Život _cz príbehov čitateľov týždenníkov Nový Čas pre ženy a Život zostavila Elena Jančušková ; fotografie Profimedia SK] |
| 246 | 3 | _aSedemdesiat sedem skutočných príbehov | |
| 250 | _a1. vyd. | ||
| 260 |
_aBratislava _bRingier _c2006 |
||
| 300 |
_a150 s. _bfot. |
||
| 653 | _a821.162.4-32 | ||
| 653 | _a(0:82-32) | ||
| 655 | 7 |
_aslovenské príbehy _2UKBPH |
|
| 700 | 1 |
_aJančušková, Elena _4com |
|
| 910 | _aukb | ||
| 942 |
_2ddc _cKLDO _n0 |
||
| 949 |
_61800441625 _aSL.D.74333 _bPV.13893-2009 |
||
| 949 |
_61800441626 _aSK.D.43327 _bPV.13894-2009 _s6707:20100322 |
||
| 999 |
_c22342 _d22342 |
||